Sports Quiz

Random Sports or WWE Quiz

Every match in WWE Raw History: 1994 (Sep - Dec) Quiz Stats

 Plays Quiz not verified by Sporcle

Challenge
Share
Tweet
Embed
Score 0/166 Timer 15:00
0 Plays Today
% Correct
Owen Hart
94.3%
Bret Hart
94.3%
Owen Hart
94.3%
Owen Hart
94.3%
Shawn Michaels
92.4%
Shawn Michaels
92.4%
The British Bulldog
92.4%
The British Bulldog
92.4%
The British Bulldog
92.4%
The British Bulldog
92.4%
The British Bulldog
92.4%
Diesel
90.5%
Diesel
90.5%
Diesel
90.5%
Diesel
90.5%
The Undertaker
89.5%
Razor Ramon
89.5%
The 1-2-3 Kid
89.5%
Razor Ramon
89.5%
The 1-2-3 Kid
89.5%
The 1-2-3 Kid
89.5%
Razor Ramon
89.5%
The 1-2-3 Kid
89.5%
Razor Ramon
89.5%
The Undertaker
89.5%
Yokozuna
88.6%
IRS
88.6%
Yokozuna
88.6%
IRS
88.6%
IRS
88.6%
IRS
88.6%
Lex Luger
87.6%
Lex Luger
87.6%
Lex Luger
87.6%
Lex Luger
87.6%
Lex Luger
87.6%
Tatanka
86.7%
Bam Bam Bigelow
86.7%
Fatu
86.7%
Tatanka
86.7%
Bam Bam Bigelow
86.7%
Tatanka
86.7%
Tatanka
86.7%
Bart Gunn
85.7%
Billy Gunn
85.7%
Billy Gunn
85.7%
Bart Gunn
85.7%
Mabel
84.8%
Sione
84.8%
Mabel
84.8%
Doink the Clown
83.8%
Doink the Clown
83.8%
Doink the Clown
83.8%
Doink the Clown
83.8%
Jim Neidhart
82.9%
Jim Neidhart
82.9%
% Correct
Jeff Jarrett
82.9%
Jim Neidhart
82.9%
Jim Neidhart
82.9%
Jeff Jarrett
82.9%
Jeff Jarrett
82.9%
Jim Neidhart
82.9%
Jerry Lawler
81%
Adam Bomb
80%
Adam Bomb
80%
Adam Bomb
80%
Adam Bomb
80%
Bob Backlund
79%
Bob Backlund
79%
Bob Backlund
79%
Bob Backlund
79%
Kwang
76.2%
Kwang
76.2%
Kwang
76.2%
Kwang
76.2%
Tom Prichard
75.2%
Tom Prichard
75.2%
Tom Prichard
75.2%
Jimmy Del Ray
74.3%
Jimmy Del Ray
74.3%
Jimmy Del Ray
74.3%
Bob Holly
73.3%
Bob Holly
73.3%
Bob Holly
73.3%
Bob Holly
73.3%
King Kong Bundy
72.4%
King Kong Bundy
72.4%
King Kong Bundy
72.4%
Luke
68.6%
Butch
68.6%
Butch
68.6%
Luke
68.6%
Butch
68.6%
Luke
68.6%
Aldo Montoya
66.7%
Aldo Montoya
66.7%
Duke Droese
65.7%
Timothy Well
63.8%
Steven Dunn
63.8%
Timothy Well
63.8%
Steven Dunn
63.8%
Alundra Blayze
62.9%
Bull Nakano
61%
Henry Godwinn
58.1%
Barry Hardy
57.1%
Barry Hardy
57.1%
Matt Hardy
57.1%
Barry Horowitz
56.2%
Barry Horowitz
56.2%
Barry Horowitz
56.2%
Luna Vachon
51.4%
The Brooklyn Brawler
43.8%
% Correct
The Brooklyn Brawler
43.8%
Duane Gill
42.9%
Heidi Lee Morgan
34.3%
Scott Taylor
32.4%
Scott Taylor
32.4%
Reno Riggins
18.1%
Reno Riggins
18.1%
Tony DeVito
16.2%
Mike Bell
16.2%
Mike Bell
16.2%
Tony DeVito
16.2%
Tony DeVito
16.2%
Phil Apollo
15.2%
Phil Apollo
15.2%
Richie Rich
13.3%
Steve King
12.4%
Tony Roy
12.4%
The Executioner
11.4%
Buck Quartermaine
11.4%
Rich Myers
9.5%
Gary Scott
9.5%
Gary Scott
9.5%
Bob Knight
9.5%
Rich Myers
9.5%
John Crystal
8.6%
Mike Khoury
8.6%
Jean Paul
8.6%
Mike Khoury
8.6%
JS Storm
7.6%
Corey Student
7.6%
The Blue Phantom
7.6%
Paul VanDale
6.7%
Bob Starr
6.7%
Pat Tanaka
6.7%
Mike Starr
6.7%
Nick Barbarry
5.7%
Nick Barbarry
5.7%
Nick Barbarry
5.7%
Bert Centeno
4.8%
Tim McNeany
4.8%
Kenny David
4.8%
Roy Raymond
4.8%
Tim McNeany
4.8%
Ben Jordan
4.8%
Bert Centeno
4.8%
Tyron Knox
4.8%
Bert Centeno
4.8%
Roy Raymond
4.8%
Chris Kanyon
3.8%
Gary Sabaugh
3.8%
Chris Kanyon
3.8%
Jason Arndt
3.8%
Chris Avery
3.8%
Chris Kanyon
3.8%

You're not logged in!

Compare scores with friends on all Sporcle quizzes.
OR
Log In

You Might Also Like...

Show Comments

Extras

Created Jul 5, 2015ReportNominate
Tags:WWE Quiz, 1994, raw

Top Quizzes Today


Score Distribution

Your Account Isn't Verified!

In order to create a playlist on Sporcle, you need to verify the email address you used during registration. Go to your Sporcle Settings to finish the process.

Report this User

Report this user for behavior that violates our Community Guidelines.

Details: